Riadenie VHJ a podnikov zborník : 3. celoštátna konferencia : Považská Bystrica október 1985

Saved in:
Bibliographic Details
Format: Book
Language:Slovak
Published: Banská Bystrica Dom techniky ČSVTS 1985
Edition:1. vyd.
Tags: Add Tag
No Tags, Be the first to tag this record!

MARC

LEADER 00000nam a2200000 4500
001 c104129
005 20221220082229.2
041 0 |a slo 
044 |a SK 
245 1 0 |a Riadenie VHJ a podnikov  |b zborník : 3. celoštátna konferencia : Považská Bystrica október 1985 
250 |a 1. vyd. 
264 1 |a Banská Bystrica  |b Dom techniky ČSVTS  |c 1985 
300 |a 305 s.